<?xml version="1.0" encoding="UTF-8"?><?xml-stylesheet type="text/xsl" href="static/style.xsl"?><OAI-PMH xmlns="http://www.openarchives.org/OAI/2.0/" xmlns:xsi="http://www.w3.org/2001/XMLSchema-instance" xsi:schemaLocation="http://www.openarchives.org/OAI/2.0/ http://www.openarchives.org/OAI/2.0/OAI-PMH.xsd"><responseDate>2026-04-28T19:28:29Z</responseDate><request verb="GetRecord" identifier="oai:uvadoc.uva.es:10324/4524" metadataPrefix="marc">https://uvadoc.uva.es/oai/request</request><GetRecord><record><header><identifier>oai:uvadoc.uva.es:10324/4524</identifier><datestamp>2025-02-10T13:52:07Z</datestamp><setSpec>com_10324_1132</setSpec><setSpec>com_10324_931</setSpec><setSpec>com_10324_894</setSpec><setSpec>col_10324_1205</setSpec></header><metadata><record xmlns="http://www.loc.gov/MARC21/slim" xmlns:doc="http://www.lyncode.com/xoai" xmlns:xsi="http://www.w3.org/2001/XMLSchema-instance" xmlns:dcterms="http://purl.org/dc/terms/" xsi:schemaLocation="http://www.loc.gov/MARC21/slim http://www.loc.gov/standards/marcxml/schema/MARC21slim.xsd">
<leader>00925njm 22002777a 4500</leader>
<datafield tag="042" ind1=" " ind2=" ">
<subfield code="a">dc</subfield>
</datafield>
<datafield tag="720" ind1=" " ind2=" ">
<subfield code="a">Pastor Vázquez, Juan Francisco</subfield>
<subfield code="e">author</subfield>
</datafield>
<datafield tag="720" ind1=" " ind2=" ">
<subfield code="a">Gato Casado, Ángel Luis</subfield>
<subfield code="e">author</subfield>
</datafield>
<datafield tag="720" ind1=" " ind2=" ">
<subfield code="a">Moro Balbás, José Antonio</subfield>
<subfield code="e">author</subfield>
</datafield>
<datafield tag="720" ind1=" " ind2=" ">
<subfield code="a">Gil Verona, José Antonio</subfield>
<subfield code="e">author</subfield>
</datafield>
<datafield tag="720" ind1=" " ind2=" ">
<subfield code="a">Represa de la Guerra, Juan</subfield>
<subfield code="e">author</subfield>
</datafield>
<datafield tag="720" ind1=" " ind2=" ">
<subfield code="a">Barbosa Ayucar, Enrique</subfield>
<subfield code="e">author</subfield>
</datafield>
<datafield tag="260" ind1=" " ind2=" ">
<subfield code="c">1993</subfield>
</datafield>
<datafield tag="520" ind1=" " ind2=" ">
<subfield code="a">There  are  many  accounts  of  the  ton¡:ucs of  mammals  observed  with scanning  electron microscopy (SEM),  but apparently  only one article about  the tongue of thc Chiroptcra.  In the  present study the tongue surface (after removing extraccellular material) of the European common bat (Pipistrellus&#xd;
¡Jipstrellus) was examined. The tongue is covered with papillae and  has an elevation between its medial and posterior half. There are three types of papillae : filiform, fungiform and circumvallatc, and the filiform can be classified as Slri tly Gliform. conical and crown-like. The shapes and disposition of Jhcsc papillae are related to function. Which is principally to retain capturcd  food during Oight. At highcr magnifica!ion Jhc surfacc of ihc filiform papillae has many pores ;md microridges. which may serve for the production a nd distribution  of mucus over the papillary surface.</subfield>
</datafield>
<datafield tag="024" ind2=" " ind1="8">
<subfield code="a">Archives of Oral Biology</subfield>
</datafield>
<datafield tag="024" ind2=" " ind1="8">
<subfield code="a">0003-9969</subfield>
</datafield>
<datafield tag="024" ind2=" " ind1="8">
<subfield code="a">http://uvadoc.uva.es/handle/10324/4524</subfield>
</datafield>
<datafield tag="024" ind2=" " ind1="8">
<subfield code="a">597</subfield>
</datafield>
<datafield tag="024" ind2=" " ind1="8">
<subfield code="a">7</subfield>
</datafield>
<datafield tag="024" ind2=" " ind1="8">
<subfield code="a">599</subfield>
</datafield>
<datafield tag="024" ind2=" " ind1="8">
<subfield code="a">Archives of oral biology</subfield>
</datafield>
<datafield tag="024" ind2=" " ind1="8">
<subfield code="a">38</subfield>
</datafield>
<datafield ind1=" " ind2=" " tag="653">
<subfield code="a">Murciélagos - Alimentación</subfield>
</datafield>
<datafield tag="245" ind1="0" ind2="0">
<subfield code="a">Morphological study by scanning electron microscopy on the lingual papillae in tehe common european bat (ppstrellus pipist rellus)</subfield>
</datafield>
</record></metadata></record></GetRecord></OAI-PMH>